|
|
|
|
| LEADER |
00000nas a2200000 a 4500 |
| 001 |
ssj0004370 |
| 003 |
WaSeSS |
| 005 |
20200512172242.0 |
| 006 |
m d |
| 007 |
cr n |
| 008 |
971003d19971998mnumr p s 0 a0eng c |
| 010 |
|
|
|a sn 97002089
|
| 016 |
7 |
|
|a 9802228
|2 DNLM
|
| 016 |
7 |
|
|a SR0092566
|2 DNLM
|
| 022 |
|
|
|l 1096-4819
|y 1096-4819
|
| 030 |
|
|
|a DCIDFZ
|
| 032 |
|
|
|a 541430
|b USPS
|
| 035 |
|
|
|a (WaSeSS)ssj0004370
|
| 040 |
|
|
|a CLE
|b eng
|c CLE
|d CAS
|d NSD
|d UMC
|d NLM
|d NYG
|d TJC
|d GUA
|d IUL
|d NYG
|d OCLCQ
|d DLC
|d OCLCQ
|d OCLCF
|d OCLCO
|d OCLCQ
|d OCLCO
|d RDF
|d OCLCO
|d OCLCQ
|d OCLCA
|d GILDS
|d OCLCA
|d WaSeSS
|
| 042 |
|
|
|a nsdp
|a pcc
|
| 050 |
1 |
4 |
|a HD9650.1
|b .D34
|
| 060 |
0 |
0 |
|a W1
|b DR514
|
| 082 |
1 |
0 |
|a 338
|2 12
|
| 210 |
0 |
|
|a DCI
|b (Duluth Minn.)
|
| 222 |
|
0 |
|a DCI
|b (Duluth, Minn.)
|
| 245 |
0 |
0 |
|a DCI
|h [electronic resource].
|
| 246 |
1 |
3 |
|a Drug & cosmetic industry
|f July-Aug. 1997
|
| 260 |
|
|
|a Duluth, Minn. :
|b Advanstar Communications,
|c ©1997-©1998.
|
| 310 |
|
|
|a Monthly
|
| 362 |
0 |
|
|a Vol. 160, no. 5 (May 1997)-v. 163, no. 6 (Dec. 1998).
|
| 500 |
|
|
|a Title from cover.
|
| 500 |
|
|
|a July issue called: DCI directory issue.
|
| 506 |
|
|
|a License restrictions may limit access.
|
| 520 |
|
|
|a Serving the global cosmetic & personal care market.
|
| 525 |
|
|
|a Has occasional supplements.
|
| 650 |
|
0 |
|a Cosmetics industry
|v Periodicals.
|
| 650 |
|
0 |
|a Chemical industry
|v Periodicals.
|
| 650 |
|
0 |
|a Pharmaceutical industry
|v Periodicals.
|
| 650 |
0 |
2 |
|a Chemical Industry.
|
| 650 |
0 |
2 |
|a Cosmetics.
|
| 650 |
0 |
2 |
|a Drug Industry.
|
| 650 |
0 |
2 |
|a Pharmaceutical Preparations.
|
| 650 |
|
7 |
|a Chemical industry.
|2 fast
|0 (OCoLC)fst00852951
|
| 650 |
|
7 |
|a Cosmetics industry.
|2 fast
|0 (OCoLC)fst00880532
|
| 650 |
|
7 |
|a Pharmaceutical industry.
|2 fast
|0 (OCoLC)fst01060129
|
| 655 |
|
0 |
|a Electronic journals.
|
| 740 |
0 |
2 |
|a DCI directory issue.
|
| 780 |
0 |
0 |
|t Drug & cosmetic industry
|x 0012-6527
|w (DLC)sf 79010617
|w (OCoLC)1566972
|
| 785 |
0 |
0 |
|t Global cosmetic industry
|x 1523-9470
|w (DLC)sn 99030130
|w (OCoLC)40772902
|
| 850 |
|
|
|a DNLM
|a GU
|a InU
|a MdU
|a N
|
| 856 |
4 |
0 |
|z Full text available from Research Library: 05/01/1997 to 12/31/1998
|u https://search.proquest.com/publication/41544
|